Fictional Characters Who Are Purple Quiz Stats

 Plays Quiz Updated Mar 29, 2015

Score 0/20 Timer 04:00
2 Plays Today
% Correct
Barney
96.1%
Joker
84.8%
Count Von Count
84.2%
Daphne Blake
83.1%
Ursula
79.9%
Dino
76.5%
Rapunzel
73.1%
Tinky Winky
60.6%
Angelica Pickles
60.4%
Jane Jetson
56.2%
% Correct
Darkwing Duck
53.2%
Waluigi
51.2%
Turanga Leela
51.2%
Spyro
47%
Top Cat
44.6%
Grimace
38.2%
James
35%
Grape Ape
27.6%
Twilight Sparkle
20.6%
Celia
18.2%

You're not logged in!

Compare scores with friends on all Sporcle quizzes.
Join for Free
OR
Log In

You Might Also Like...

Show Comments

Extras

Top Quizzes Today


Score Distribution

Your Account Isn't Verified!

In order to create a playlist on Sporcle, you need to verify the email address you used during registration. Go to your Sporcle Settings to finish the process.

Report this User

Report this user for behavior that violates our Community Guidelines.

Details: